000 01276nam a2200325 i 4500
003 EG-GICUC
005 20260121101451.0
008 251211s2007 ua d|||fr|||| 000 0 ara d
040 _a EG-GICUC
_bara
_c EG-GICUC
_d EG-GICUC
_erda
041 _aara
082 0 4 _221
_a343.551
_bس ل . ج
092 0 4 _221
099 _aLaw1 10 343.551 س ل . ج 2007
100 0 _aسليمان عبدالمنعم
_eمؤلف.
245 1 2 _aالجوانب الإشكالية في النظام القانوني لتسليم المجرمين :
_bدراسة مقارنة /
_cسليمان عبدالمنعم.
264 1 _aالإسكندرية :
_bدار الجامعة الجديدة,
_c2007.
300 _a365 صفحة :
_bجداول ؛
_c24 سم
336 _2rda content
_atext
337 _2rda media
_aComputer
338 _2rda carrier
_aOnline Resource
504 _a. 353-349ببليوجرافيا: صفحات.
546 _aالنص باللغة العربية
650 1 4 _aتسليم المجرمين
_2qrmak
650 1 4 _aالدعوى الجنائية = الدعوى العمومية
651 1 _2qrmak
653 1 0 _aالجرائم السياسية
856 4 0 _uhttps://fll.law.cu.edu.eg/fulltext/bks/B10-07210.pdf
905 _a79
_eHassnaa
942 _2ddc
_cBK
_e21
_n0
999 _c49781
_d49781